000 00808nam a2200205 i 4500
001 104423
003 ES-MaACL
005 20250824063040.0
007 t|
008 051130s1940 sp |||| | spa d
100 1 _aMillás Vallicrosa, José María,
_d1888-1970
_981191
245 1 3 _aLa poesía sagrada hebraicoespañola /
_cpor José Mª Millás Vallicrosa.
260 _aMadrid :
_bConsejo Superior de Investigaciones Científicas, Patronato Marcelino Menéndez Pelayo. Instituto Arias Montano. Escuela de Estudios Hebraicos,
_c1940.
300 _aXII, 367 p., 1 retr. ;
_c28 cm.
599 _aRetr. de Francisco Franco.
650 4 _aPoesía sefardí-
_xHistoria y crítica.
_9146941
710 2 _aInstituto "Arias Montano"
_94797
852 _aES-MaACL
_jC-12864
999 _c104423
_d104423